Top 10 Migrationsländer - Statistiken

Allgemein
  • Dieses Quiz wurde 208 mal gespielt
  • Das Durchschnittsergebnis liegt bei 6 aus 10
Antwortstatistiken
Platz Land % Korrekt
2 Deutschland
95%
1 Vereinigte Staaten
93%
10 Italien
79%
5 Kanada
77%
3 Türkei
76%
7 Russland
75%
4 Vereinigtes Königreich
75%
9 Australien
66%
6 Kolumbien
9%
8 Uganda
3%
Keine übereinstimmenden Quizze gefunden
Verteilung der Resultate
Anzahl Personen mit jedem Resultat
Perzentil nach korrekt beantworteten Fragen
Ihre Resultats-Entwicklung
Sie haben dieses Quiz noch nicht gespielt